000 00606nam a2200193Ia 4500
008 151121s9999||||xx |||||||||||||| ||und||
082 _a818/देशपां
082 _bHNW-43162
100 _aदेशपांडे वा। ह।
245 _aआलापिनी
260 _b"मौज प्रकाशन गृह, मुंबई।"
260 _c--
300 _a176
600 _aदेशपांडे वा। ह।
630 _aआलापिनी
700 _aदेशपांडे वा। ह।
730 _aआलापिनी
942 _cBOOK
999 _c1231410
_d1231407